El nuevo paradigma de los mercados financieros : (Registro nro. 11283)

Detalles MARC
000 -LIDER
fixed length control field 01248nam a22003377a 4500
001 - NÚMERO DE CONTROL
Identificador de número de control 000463
003 - IDENTIFICACDOR DE NÚMERO DE CONTROL
control field DO-SdBNP
005 - DATE AND TIME OF LATEST TRANSACTION
control field 20180510123836.0
007 - CAMPOS FIJOS DE DESCRIPCIÓN FÍSICA
fixed length control field 000463
008 - ELEMENTOS DE LONGITUD FIJA
fixed length control field 160902b 2008 mx a ||||| |||| 00| 0 spa d
020 ## - ISBN
International Standard Book Number 9786071100405
040 ## - FUENTE DE CATALOGACIÓN
Agencia que crea de manera original el registro BPMSU
Idioma de catalogación spa
Agencia que realiza la transcripción BPMSU
082 #4 - NÚMERO DE CLASIFICACIÓN DECIMAL DE DEWEY
Classification number 332.0973
Item number S714n
100 1# - ASIENTO PRINCIPAL -- NOMBRE PERSONAL
Nombre personal Soros, George,
Fechas asociadas con el nombre 1930-
240 10 - TITULO UNIFORME
Título uniforme The new paradigm for financial markets: the credit crisis of 2008 and what it means
Idioma de una obra Español.
245 10 - MENCIÓN DE TITULO
Título El nuevo paradigma de los mercados financieros :
Subtítulo para enternder la crisis económica actual /
Mención de responsabilidad George Soros ; traducción de Estrella Trincado.
260 ## - PUBLICACIÓN, DISTRIBUCIÓN, ETC. (PIE DE IMPRENTA)
Lugar de publicación, distribución, etc Mexico, D. F :
Nombre del editor, distribuidor, etc. Taurus,
Fecha de publicación, distribución, etc 2008
300 ## - DESCRIPCIÓN FÍSICA
Extensión 234 p. :
Otros detalles físicos il., ; gráf. ;
Dimensiones 22 cm.
490 1# - MENCIÓN DE SERIES
Mención de serie Pensamiento
500 ## - NOTA GENERAL
Nota general Incluye referencias bibliográficas y notas al pie de las páginas
650 #4 - ENCABEZAMIENTO DE MATERIA--TEMÁTICO
Término temático o nombre geográfico como elemento de entrada CRISIS FINANCIERA
650 #4 - ENCABEZAMIENTO DE MATERIA--TEMÁTICO
Término temático o nombre geográfico como elemento de entrada CREDITO
651 #4 - ENCABEZAMIENTO DE MATERIA--NOMBRE GEOGRÁFICO
Nombre geográfico ESTADOS UNIDOS
Subdivisión temática general POLÍTICA ECONÓMICA
Subdivisión cronológica SIGLO XXI
651 #4 - ENCABEZAMIENTO DE MATERIA--NOMBRE GEOGRÁFICO
Nombre geográfico ESTADOS UNIDOS
Subdivisión temática general CONDICIONES ECONÓMICAS
Subdivisión cronológica SIGLO XXI
700 10 - ASIENTO SECUNDARIO -- NOMBRE PERSONAL
Nombre personal Trincado, Estrella
Mención de responsabilidad tr.
830 #0 - ASIENTO SECUNDARIO DE SERIE--TÍTULO UNIFORME
Título uniforme Pensamiento
910 ## - VALIDACIÓN
Validación Validado. Control de calidad MFF
942 ## - ADDED ENTRY ELEMENTS (KOHA)
Source of classification or shelving scheme Dewey Decimal Classification
Koha item type Libros
945 ## - INFORMACIÓN DE PROCESAMIENTO LOCAL
Información de procesamiento local Inventariado, 2017/MFF
956 ## - LOCAL ELECTRONIC LOCATION AND ACCESS (OCLC)
Método de acceso LOPEREZ
Materiales especificados 10
Enlace 20160902
Campo enlazado y núm. de secuencia BPMSU
Nombre de host 00041
Existencias
Withdrawn status Lost status Source of classification or shelving scheme Damaged status Not for loan Collection code Home library Current library Date acquired Source of acquisition Total Checkouts Full call number Barcode Date last seen Price effective from Koha item type Copy number
    Dewey Decimal Classification     Colección General Biblioteca Pública Metropolitana Salomé Ureña Biblioteca Pública Metropolitana Salomé Ureña 09/02/2016 Alfaguara   332.0973 S714n BPMSU16090054 09/02/2016 09/02/2016 Libros  
    Dewey Decimal Classification     Colección General Biblioteca Pública Metropolitana Salomé Ureña Biblioteca Pública Metropolitana Salomé Ureña 09/02/2016 Alfaguara   332.0973 S714n BPMSU16090055 09/02/2016 09/02/2016 Libros e. 2
    Dewey Decimal Classification     Colección General Biblioteca Pública Metropolitana Salomé Ureña Biblioteca Pública Metropolitana Salomé Ureña 09/02/2016 Alfaguara   332.0973 S714n BPMSU16090056 09/02/2016 09/02/2016 Libros e. 3